Bhagat Singh: (Record no. 151089)

MARC details
000 -LEADER
fixed length control field 00749nam a22002177a 4500
005 - DATE AND TIME OF LATEST TRANSACTION
control field 20180412103459.0
010 ## - LCCN (DPL NO)
LC control number B-690926-927
020 ## - INTERNATIONAL STANDARD BOOK NUMBER
International Standard Book Number 9788189297299
Terms of availability 250.00
035 ## - SYSTEM CONTROL NUMBER
System control number B-690926-927
037 ## - SOURCE OF ACQUISITION
Source of stock number/acquisition Vijay Goel
Stock number dpl
082 14 - DEWEY DECIMAL CLASSIFICATION NUMBER
Classification number 921
100 1# - MAIN ENTRY--PERSONAL NAME
Personal name Raghvinder Singh
245 1# - TITLE STATEMENT
Title Bhagat Singh:
Statement of responsibility, etc by Raghvinder Singh
Remainder of title symbol of heroism for the Indian youth /
260 ## - PUBLICATION, DISTRIBUTION, ETC. (IMPRINT)
Place of publication, distribution, etc Delhi
Name of publisher, distributor, etc Vijay Goel
Date of publication, distribution, etc 2011
270 ## - ADDRESS
Address S-16, Naveen Shahdara
City Delhi
Postal code 110 032
300 ## - PHYSICAL DESCRIPTION
Extent 152p.
Dimensions 22 cm (Hb)
Other physical details ill.
490 ## - SERIES STATEMENT
Series statement Symbol of heroism for the Indian youth
500 ## - GENERAL NOTE
General note Balidani
942 ## - ADDED ENTRY ELEMENTS (KOHA)
Institution code [OBSOLETE] dpl
Item type English Books
Source of classification or shelving scheme Dewey Decimal Classification
Classification part 921
Call number suffix RAG
Holdings
Withdrawn status Lost status Not for loan Collection code Home library Current library Date acquired Source of acquisition Cost, normal purchase price Full call number Barcode Copy number Cost, replacement price Koha item type Public note
      Non-fiction Central Library Central Library 12/04/2018 Vijay Goel 572/28.02.2018/802/19.02.2018/12.03.2018 250.00 921 RAG B-690926 1 250.00 English Books Balidani
      Non-fiction Sarojini Nagar Sarojini Nagar 12/04/2018 Vijay Goel 572/28.02.2018/802/19.02.2018/12.03.2018 250.00 921 RAG B-690927 1 250.00 English Books Balidani

© Delhi Public Library
Hit Counter
free hit counter